000 00478nam a22001697a 4500
003 OSt
005 20260404124722.0
008 260404b |||||||| |||| 00| 0 eng d
020 _a9780062845023
040 _cLIRC
082 _a658.022 VAY
100 _aVaynerchuk, Gary
_96448
245 _aCrushing It : how great entrepreneurs build their business and influence and how you can, too
260 _aNew York
_bHarper Collins
_c2018
300 _a272 p.
942 _2ddc
_cUT
999 _c33677
_d33677